Nennen Sie die Verben, die mit J beginnen - Statistiken

Allgemein
  • Dieses Quiz wurde 322 mal gespielt
    64 seit der letzten Aktualisierung
  • Das Durchschnittsergebnis liegt bei 7 aus 28
Antwortstatistiken
Antwort % Korrekt
jagen
93%
jodeln
69%
jammern
59%
jonglieren
58%
jubeln
53%
joggen
49%
jauchzen
42%
jaulen
34%
jucken
32%
jäten
31%
japsen
24%
jubilieren
22%
jobben
19%
jetten
17%
johlen
17%
juchzen
15%
justieren
14%
jauchen
12%
jammen
10%
jappen
10%
jähren
8%
juckeln
8%
jausen
7%
jausnen
5%
juxen
5%
jungen
3%
judizieren
2%
jungmachen
0%
Keine übereinstimmenden Quizze gefunden
Verteilung der Resultate
Anzahl Personen mit jedem Resultat
Perzentil nach korrekt beantworteten Fragen
Ihre Resultats-Entwicklung
Sie haben dieses Quiz seit der letzten Aktualisierung nicht gespielt